000 01237nam a2200205Ia 4500
003 Ost
005 20260507074954.0
008 260507s9999||||xx |||||||||||||| ||und||
020 _a9774100530
040 _cfsecg
041 _aara
082 _a382.1
100 _aعبد السلام، رضا
_eمؤلف
245 0 _aالعلاقات الاقتصادية الدولية بين النظرية والتطبيق /
_c رضا عبد السلام
260 _aالقاهرة:
_bالمكتبة العصرية,
_c2007
300 _a260 صفحة؛
_bإيضاحات ؛
_c25 سم
520 _aتطور النظرة للعلاقات الاقتصادية الدولية،النظريات والتفسيرات المنطقية للعلاقات الاقتصادية الدولية،السياسات التجارية بين التحرير والحماية،سعر الصرف الأجنبي،ميزان المدفوعات،الآليات الدولية المنظمة للعلاقات الاقتصادية الدولية،الاتحادات الاقتصادية الإقليمية،الشركات متعددة الجنسيات وظاهرة العولمة
653 _aالعلاقات الاقتصادية الدولية
942 _cكتاب
999 _c42015
_d42015